|
|
|
|
| LEADER |
00000nam a2200000 a 4500 |
| 003 |
Ucuenca |
| 005 |
20240103112109.0 |
| 008 |
015080|2004 ||||||||r|||||||||||spa|| |
| 020 |
|
|
|a 9972840018
|
| 040 |
|
|
|b spa
|
| 041 |
1 |
|
|a spa
|
| 082 |
0 |
|
|a 633.2
|
| 100 |
1 |
|
|a Sánchez Reyes, Cristian.
|9 80427
|
| 245 |
|
|
|a Cultivo y producción de pastos y forrajes
|c Cristian Reyes Sánchez
|h imp
|
| 264 |
|
|
|a Lima
|b Ripalme
|c 2004
|
| 300 |
|
|
|a 134 páginas:
|b ilu
|c 18 cm
|
| 504 |
|
|
|a incl. ref.
|
| 650 |
|
|
|a Pastos - cultivo
|9 99176
|
| 650 |
|
|
|a Forrajes - cultivo
|9 99177
|
| 650 |
|
0 |
|a Alfalfa - cultivo
|9 99178
|
| 650 |
|
|
|a Ichu - cultivo
|9 99179
|
| 650 |
|
|
|a Heno - cultivo
|9 99180
|
| 650 |
|
|
|a Plantas forrajeras
|9 65863
|
| 650 |
|
|
|a Gramineas y leguminosas
|9 99181
|
| 650 |
|
|
|a Conservacion de forrajes
|9 70506
|
| 852 |
|
|
|a UC-YANUNCAY
|c est_abierta
|f Reposicion
|k jterreros
|l 1
|m General
|p 2015-08-03
|q 5.00
|r 2
|t 250929
|v agro
|w Ingeniería Agronómica
|y 472547
|b 0
|d CDRY
|e CDRY
|g 633.2
|z 2015-50-80
|
| 856 |
|
|
|a http://sibuc.ucuenca.edu.ec/portada/4610.jpg
|
| 942 |
|
|
|c BK
|0 1
|
| 999 |
|
|
|c 59713
|d 59713
|